Üretim yönetimi : (Record no. 43759)
| 000 -BAŞLIK | |
|---|---|
| Sabit Uzunluktaki Kontrol Alanı | 01909nam a22003377a 4500 |
| 001 - KONTROL NUMARASI | |
| Control Dosyası | 0043953 |
| 003 - KONTROL NUMARASI KİMLİĞİ | |
| Kontrol Alanı | KOHA_MİRAKIL |
| 005 - EN SON İŞLEM TARİHİ ve ZAMANI | |
| Kontrol Alanı | 20260207003408.0 |
| 007 - FİZİKSEL TANIM SABİT ALAN - GENEL BİLGİ | |
| Sabit uzunluklu kontrol alanı | ta |
| 008 - SABİT UZUNLUKTAKİ VERİ ÖGELERİ - GENEL BİLGİ | |
| Sabit Alan | 130730b2013 tu a|||gr||||#||||0|tur | |
| 020 ## - ISBN - ULUSLARARASI STANDART KİTAP NUMARASI | |
| Isbn | 9786051333700 |
| 040 ## - KATALOGLAMA KAYNAĞI | |
| Özgün Kataloglama Kurumu | TR-BiSEU |
| Kataloglama Dili | tur |
| Çeviri Kurumu | TR-BiSEU |
| Açıklama Kuralları | rda |
| 041 0# - DİL KODU | |
| Metin ya da ses kaydının dil kodu | tur |
| 044 ## - YAYINLAYAN/ÜRETEN KURULUŞUN ÜLKE KODU | |
| ISO country code | tu |
| 050 ## - SINIFLAMA ve YER NUMARASI | |
| Sınıflama Numarası | TS155 |
| Yer Numarası | .K73 2013 |
| 100 0# - KİŞİ ADI | |
| Yazar Adı (Kişi adı) | Krajewski,Lee J.. |
| 245 1# - ESER ADI BİLDİRİMİ | |
| Başlık | Üretim yönetimi : |
| Alt Eseradı vb. | süreçler ve tedarik yönetimi= operations management processes and supply chains/ |
| Sorumluluk Bildirimi | Krajewski,Lee J. ; Lee J. Krajewski, Larry P. Ritzman, Monoj K. Malhotra,; çev. Semra Birgün . |
| 250 ## - BASIM BİLDİRİMİ | |
| Basım Bildirimi | 9. Basım |
| 264 #1 - ÜRERİM, YAYIN, DAĞITIM ve TELİF BİLDİRİMİ | |
| Yayın yeri | Ankara : |
| Yayınlayan | Nobel Yayıncılık |
| Yayın tarihi | 2013 |
| 300 ## - FİZİKSEL TANIMLAMA | |
| Sayfa, Cilt vb. | XIII,640 sayfa : |
| Diğer fiziki detaylar | resimli ; |
| Boyutları | 29 cm. |
| 336 ## - İÇERİK TÜRÜ | |
| Content type term | metin |
| Content type code | txt |
| Source | rdacontent |
| 337 ## - MEDYA TÜRÜ | |
| Media type term | aracısız |
| Media type code | n |
| Source | rdamedia |
| 338 ## - TAŞIYICI TÜRÜ | |
| Carrier type term | cilt |
| Carrier type code | nc |
| Source | rdacarrier |
| 490 0# - DİZİ BİLDİRİMİ | |
| Dizi Bildirimi | Nobel Yayın No: 468, İİB No:90 |
| 500 ## - GENEL NOT | |
| Genel Not | Dizin var. |
| 505 ## - İÇİNDEKİLER NOTU | |
| İçindekiler Notu | Kısım 1 Rekabet İçin Üretimi Yönetme |
| 650 #0 - KONU BAŞLIĞI EK GİRİŞ - KONU TERİMİ | |
| Konusal terim veya coğrafi ad | Üretim yönetimi. |
| 9 (RLIN) | 1615 |
| 650 #0 - KONU BAŞLIĞI EK GİRİŞ - KONU TERİMİ | |
| Konusal terim veya coğrafi ad | Production management. |
| 9 (RLIN) | 1618 |
| 830 0# - SERİ EK GİRİŞİ - TEKBİÇİM ESER ADI | |
| Tekbiçim Başlık | Nobel Yayın No: 468, İİB No:90 |
| 9 (RLIN) | 81941 |
| 942 ## - EK GİRİŞ ÖGELERİ (KOHA) | |
| Source of classification or shelving scheme | Library of Congress Classification |
| Koha item type | Book |
| 505 ## - İÇİNDEKİLER NOTU | |
| -- | 1 Üretim İle Rekabet |
| -- | Ek A Karar Verme |
| -- | 2 Proje Yönetimi |
| -- | Kısım 2 Süreçleri Yönetme |
| -- | 3 Süreç Stratejsi |
| -- | 4 Süreç Analizi |
| -- | Ek B Simülasyon |
| -- | 5 Kalite ve Performans |
| -- | 6 Kapasite Planlama |
| -- | Ek C Bekleme Hatları |
| -- | 7 Kısıt Yönetimi |
| -- | 8 Yalın Sistemler |
| -- | Kısım 3 Tedarik Zincirlerini Yönetme |
| -- | 9 Tedarik Zinciri Tasarımı |
| -- | 10 Tedarik Zinciri Entegrasyonu |
| -- | 11 Yer Seçimi |
| -- | 12 Envanter Yönetimi |
| -- | Ek D Özel Envanter Modelleri |
| -- | 13 Talep Tahmini |
| -- | 14 Planlama ve Çizelgeleme |
| -- | 15 Kaynak Planlama |
| -- | Ek E Doğrusal Programlama |
| -- | Ek 1 Normal Dağılım |
| -- | Ek 2 Rassal Sayılar Tablosu |
| -- | Myomlab Ekleri |
| -- | Ek F Finansal Analiz |
| -- | Ek G Kabul Örneklemesi Planları |
| -- | Ek H Çıktı Oranları Ölçümü |
| -- | Ek I Öğrenme Eğrisi Analizi |
| -- | Ek J Üretim Çizelgeleme |
| -- | |
| Materyal Türü | Kalıcı Konum | Mevcut Konum | Raf Yeri | Sınıflandırma Kaynağı | Edinim Bilgisi | Ana Konular | Alt Konular | Yer Numarası | Demirbaş Numarası | Fatura Tarihi | Maliyet, Alış Fiyatı | Maliyet, Yenileme Fiyatı | Geri Çekilme Durumu | Kayıp Durumu | Hasarlı Durumu | Kredi için değil | Kayıt Tarih | Toplam Ödünçverme | Son Görülme Tarihi | Son Kontrol Tarihi | Satın Alma Notu |
|---|---|---|---|---|---|---|---|---|---|---|---|---|---|---|---|---|---|---|---|---|---|
| Book | Prof. Dr. Azmi Özcan Kütüphanesi | Prof. Dr. Azmi Özcan Kütüphanesi | Birûni Salonu | Library of Congress Classification | Satın | TEKNOLOJİ | İmalat | TS155 .K73 2013 | 0043953 | 24/09/2013 | 34.50 | 34.50 | 30/07/2013 | 5 | 05/12/2024 | 05/12/2024 | 73291-73383 (92 sayfa) |
